[Event "Baku op"]
[Site "Baku"]
[Date "2024.07.01"]
[Round "3"]
[White "Asgarov, Mushfig Nizami"]
[Black "Jubin, Jimmy"]
[Result "0-1"]
[WhiteElo "2227"]
[BlackElo "2452"]
[PlyCount "74"]
[EventDate "2024.06.29"]
[EventType "swiss"]
[EventRounds "9"]
[EventCountry "AZE"]
[SourceTitle "CBM 221 Extra"]
[Source "ChessBase"]
[SourceDate "2024.09.30"]
[SourceVersion "1"]
[SourceVersionDate "2024.09.30"]
[SourceQuality "1"]

1. e4 e5 2. Nf3 Nc6 3. Bc4 Nf6 4. d3 h6 5. c3 d6 6. a4 g6 7. b4 Bg7 8. Qb3 0-0 9. 0-0 Bg4 10. Nbd2 Nh5 11. h3 Bd7 12. Kh2 Nf4 13. g3 Nxh3 14. Kg2 Ng5 15. Nxg5 Qxg5 16. Nf3 Qf6 17. Be3 Rae8 18. Rh1 g5 19. Nd2 Ne7 20. f3 a6 21. b5 Ra8 22. b6 c6 23. d4 Rad8 24. dxe5 dxe5 25. Rad1 Ng6 26. Bc5 Rfe8 27. Be2 Bf8 28. Bxf8 Rxf8 29. Rxh6 Nh4+ 30. gxh4 Qxh6 31. hxg5 Qh3+ 32. Kf2 Qh4+ 33. Ke3 Qf4+ 34. Kf2 Be6 35. Nc4 Kg7 36. Qb4 Rxd1 37. Bxd1 Rh8 0-1

[Event "Baku Summer IM"]
[Site "Baku"]
[Date "2019.07.04"]
[Round "2.2"]
[White "Asgarov, Mushfig Nizami"]
[Black "Zeynalov, Rashad"]
[Result "1-0"]
[WhiteElo "2173"]
[BlackElo "2250"]
[PlyCount "113"]
[EventDate "2019.07.03"]
[EventType "team-schev"]
[EventRounds "9"]
[EventCountry "AZE"]
[SourceTitle "CBM 191 Extra"]
[Source "ChessBase"]
[SourceDate "2019.09.30"]
[SourceVersion "1"]
[SourceVersionDate "2019.09.30"]
[SourceQuality "1"]
[WhiteTeam "Shatranj"]
[BlackTeam "Good friends"]
[WhiteTeamCountry "AZE"]
[BlackTeamCountry "AZE"]

1. e4 c5 2. Nf3 d6 3. c3 Nf6 4. Be2 g6 5. 0-0 Bg7 6. Bb5+ Nbd7 7. Re1 a6 8. Ba4 0-0 9. d4 e5 10. dxe5 Nxe5 11. Nxe5 dxe5 12. f3 Nh5 13. Qxd8 Rxd8 14. Bg5 f6 15. Bb3+ Kh8 16. Be3 b6 17. Bd5 Rb8 18. c4 Nf4 19. Bxf4 exf4 20. Nc3 b5 21. Rad1 f5 22. e5 bxc4 23. Bxc4 Rxd1 24. Nxd1 Bf8 25. b3 Bb7 26. Nf2 Rd8 27. Nd3 Rd4 28. Kf2 h5 29. Ke2 Bc8 30. Rd1 h4 31. Nxf4 Rxd1 32. Kxd1 Kh7 33. Be6 Bb7 34. Bd5 Bc8 35. Nh3 a5 36. Ng5+ Kh6 37. f4 Ba6 38. g3 Be7 39. Nf7+ Kg7 40. Nd6 Kh6 41. Bc4 Bxc4 42. bxc4 Kg7 43. Nc8 Bd8 44. a4 g5 45. e6 Kf6 46. fxg5+ Kxe6 47. gxh4 Ke5 48. g6 Kf6 49. h5 Bc7 50. h3 Be5 51. h4 Bf4 52. Ke2 Ke6 53. Nb6 Bh6 54. Nd5 Bf8 55. Kf3 Ke5 56. Ne7 Kf6 57. Nc6 1-0

[Event "Kesan op 14th"]
[Site "Kesan"]
[Date "2016.08.17"]
[Round "6"]
[White "Asgarov, Mushfig Nizami"]
[Black "Olcum, Ahmet"]
[Result "0-1"]
[WhiteElo "2240"]
[BlackElo "2091"]
[PlyCount "70"]
[EventDate "2016.08.14"]
[EventType "swiss"]
[EventRounds "9"]
[EventCountry "TUR"]
[SourceTitle "CBM 173 Extra"]
[Source "ChessBase"]
[SourceDate "2016.08.29"]
[SourceVersion "1"]
[SourceVersionDate "2016.08.29"]
[SourceQuality "1"]

1. e4 d6 2. d4 Nf6 3. Nc3 e5 4. Nf3 Nbd7 5. Bc4 Be7 6. 0-0 c6 7. a4 Qc7 8. h3 h6 9. Be3 Nf8 10. Qe2 g5 11. dxe5 dxe5 12. Nh2 Ng6 13. Bb3 Nf4 14. Bxf4 gxf4 15. Rfd1 Rh7 16. Qc4 Qa5 17. Rd2 Rg7 18. Kh1 Be6 19. Qe2 Bd7 20. Rad1 0-0-0 21. Qc4 Qc7 22. Nf3 Rdg8 23. Nh4 Be6 24. Qe2 Nh7 25. Bxe6+ fxe6 26. Nf3 Rxg2 27. Rd7 Qxd7 28. Rxd7 Kxd7 29. Nxe5+ Kc7 30. Ng4 Ng5 31. Qc4 f3 32. Qd3 Nxh3 33. Qxf3 R8xg4 34. Qxh3 Rg1+ 35. Kh2 Bd6+ 0-1

[Event "Batumi Municipality Cup"]
[Site "Batumi"]
[Date "2015.07.06"]
[Round "5"]
[White "Asgarov, Mushfig Nizami"]
[Black "Nuri, Murad Kamil Oglu"]
[Result "0-1"]
[WhiteElo "2252"]
[BlackElo "2128"]
[PlyCount "94"]
[EventDate "2015.07.03"]
[EventType "swiss"]
[EventRounds "9"]
[EventCountry "GEO"]
[SourceTitle "EXT 2016"]
[Source "ChessBase"]
[SourceDate "2015.10.08"]
[SourceVersion "1"]
[SourceVersionDate "2015.10.08"]
[SourceQuality "1"]

1. e4 e6 2. d4 d5 3. Nd2 Nc6 4. Ngf3 Nf6 5. e5 Nd7 6. c3 f6 7. exf6 Qxf6 8. Bb5 Bd6 9. Nb3 0-0 10. 0-0 e5 11. dxe5 Ndxe5 12. Nxe5 Nxe5 13. f4 Nf7 14. Be3 c6 15. Bd3 Nh6 16. Bd4 Qh4 17. Qe1 Qxe1 18. Raxe1 Bf5 19. Bxf5 Nxf5 20. g4 Nxd4 21. Nxd4 Rxf4 22. Rxf4 Bxf4 23. Re7 Rb8 24. Ne6 Be5 25. g5 a5 26. Kg2 b5 27. Nd4 Bxd4 28. cxd4 Rc8 29. Kf3 Rf8+ 30. Ke3 Rf1 31. Rc7 Rh1 32. Rxc6 Rxh2 33. Rc5 Rxb2 34. a4 bxa4 35. Rxa5 Rb8 36. Kf4 Re8 37. Kf5 Kf7 38. Ra7+ Re7 39. Rxa4 g6+ 40. Kf4 Re4+ 41. Kf3 Ke6 42. Ra6+ Kf5 43. Rd6 Rxd4 44. Ke3 Re4+ 45. Kd3 Ke5 46. Rd7 Rh4 47. Rf7 Rh3+ 0-1

[Event "Varna op-A 8th"]
[Site "Varna"]
[Date "2014.06.26"]
[Round "8"]
[White "Asgarov, Mushfig Nizami"]
[Black "Nikolov, Momchil"]
[Result "0-1"]
[WhiteElo "2192"]
[BlackElo "2518"]
[PlyCount "170"]
[EventDate "2014.06.19"]
[EventType "swiss"]
[EventRounds "9"]
[EventCountry "BUL"]
[SourceTitle "CBM 161 Extra"]
[Source "ChessBase"]
[SourceDate "2014.08.29"]
[SourceVersion "1"]
[SourceVersionDate "2014.08.29"]
[SourceQuality "1"]

1. e4 e5 2. Nf3 Nc6 3. Bb5 a6 4. Ba4 Nf6 5. 0-0 Be7 6. Re1 b5 7. Bb3 d6 8. c3 0-0 9. h3 Na5 10. Bc2 c5 11. d4 Nd7 12. Nbd2 exd4 13. cxd4 Re8 14. Nf1 Bb7 15. Ng3 g6 16. e5 dxe5 17. dxe5 Nc4 18. Bf4 Nxb2 19. Qb1 Bxf3 20. gxf3 Nc4 21. e6 Nf6 22. exf7+ Kxf7 23. Bb3 Qd5 24. Qc2 Qxf3 25. Bh6 Bf8 26. Bxf8 Kxf8 27. Bxc4 bxc4 28. Qxc4 Qc6 29. Rac1 Rxe1+ 30. Rxe1 Re8 31. Rc1 Kg7 32. Kh2 Re5 33. Qf4 Qd5 34. Rd1 Qe6 35. Rb1 Rd5 36. Rb7+ Rd7 37. Rxd7+ Nxd7 38. Ne4 c4 39. Kg2 Qd5 40. f3 a5 41. h4 Qe5 42. Qd2 Nf6 43. Nxf6 Kxf6 44. Qd8+ Kg7 45. Qd7+ Kh6 46. Qd2+ Kh5 47. Qc2 c3 48. f4 Qd5+ 49. Kg3 Qc5 50. Kf3 Qd4 51. Qe2 Kh6 52. Qe7 Qd5+ 53. Kg3 c2 54. Qe3 Qf5 55. Qd2 Kg7 56. Qc3+ Kg8 57. Qb3+ Kf8 58. Qb8+ Kg7 59. Qa7+ Qf7 60. Qd4+ Qf6 61. Qc5 Qf5 62. Qe7+ Kh6 63. Qe3 a4 64. Qd2 Kg7 65. Qd4+ Kf7 66. Qc4+ Kf8 67. Qb4+ Kf7 68. Qb7+ Ke8 69. Qc6+ Kd8 70. Qb6+ Kd7 71. Qd4+ Kc7 72. Qa7+ Kd6 73. Qb6+ Kd5 74. Qb5+ Kd4 75. Qxa4+ Kd3 76. Qb3+ Kd2 77. Qb4+ Ke2 78. Qe7+ Kd3 79. Qa3+ Kd2 80. Qb4+ Ke3 81. Qb6+ Ke2 82. Qf2+ Kd3 83. Qf1+ Kd4 84. Qg1+ Kc4 85. Qb6 c1Q 0-1

[Event "Varna op-A 8th"]
[Site "Varna"]
[Date "2014.06.25"]
[Round "7"]
[White "Borisenko, Andrei"]
[Black "Asgarov, Mushfig Nizami"]
[Result "1-0"]
[WhiteElo "2413"]
[BlackElo "2192"]
[PlyCount "81"]
[EventDate "2014.06.19"]
[EventType "swiss"]
[EventRounds "9"]
[EventCountry "BUL"]
[SourceTitle "CBM 161 Extra"]
[Source "ChessBase"]
[SourceDate "2014.08.29"]
[SourceVersion "1"]
[SourceVersionDate "2014.08.29"]
[SourceQuality "1"]

1. d4 Nf6 2. c4 g6 3. Nc3 Bg7 4. e4 d6 5. Nf3 0-0 6. h3 e5 7. d5 a5 8. Bg5 Na6 9. g4 Nc5 10. Nd2 c6 11. Be2 Bd7 12. h4 Qb6 13. Rb1 Nxg4 14. Bxg4 Nd3+ 15. Ke2 Nxf2 16. Bxd7 Nxd1 17. Rhxd1 Qc7 18. Bh3 h6 19. Be3 f5 20. exf5 gxf5 21. Rg1 Kh7 22. Rbf1 f4 23. Bf2 e4 24. Ncxe4 cxd5 25. cxd5 Qc2 26. Rxg7+ Kxg7 27. Rg1+ Kf7 28. Be6+ Ke8 29. Bd4 f3+ 30. Ke3 Ra6 31. Nxf3 Rxf3+ 32. Kxf3 Qd3+ 33. Be3 Rb6 34. Rg8+ Ke7 35. Rg7+ Kf8 36. Rf7+ Ke8 37. Nf2 Qa6 38. Bxb6 Qxb6 39. Ne4 Qb4 40. Rd7 Kf8 41. Nf6 1-0

[Event "Varna op-A 8th"]
[Site "Varna"]
[Date "2014.06.21"]
[Round "3"]
[White "Haskel, Jeffrey"]
[Black "Asgarov, Mushfig Nizami"]
[Result "1-0"]
[WhiteElo "2241"]
[BlackElo "2192"]
[PlyCount "89"]
[EventDate "2014.06.19"]
[EventType "swiss"]
[EventRounds "9"]
[EventCountry "BUL"]
[SourceTitle "CBM 161 Extra"]
[Source "ChessBase"]
[SourceDate "2014.08.29"]
[SourceVersion "1"]
[SourceVersionDate "2014.08.29"]
[SourceQuality "1"]

1. d4 Nf6 2. c4 g6 3. Nc3 Bg7 4. e4 d6 5. f4 0-0 6. Nf3 c5 7. d5 e6 8. Be2 exd5 9. cxd5 Bg4 10. 0-0 Nbd7 11. h3 Bxf3 12. Bxf3 a6 13. Re1 Re8 14. a4 c4 15. Be3 Qc7 16. Qe2 h6 17. a5 Rac8 18. Na4 Nxe4 19. Bb6 Nxb6 20. axb6 Qd7 21. Bxe4 f5 22. Qc2 fxe4 23. Rxe4 Rxe4 24. Qxe4 Qe8 25. Re1 Qxe4 26. Rxe4 Kf7 27. Re6 Bf8 28. Nc3 Rc5 29. Re4 Bg7 30. Na4 Rxd5 31. Rxc4 Bd4+ 32. Kf1 Bc5 33. Ke2 Rd4 34. b3 Rxc4 35. bxc4 Ke6 36. g4 Bg1 37. Kd3 g5 38. f5+ Ke5 39. Kc3 Bd4+ 40. Kb4 Kf4 41. c5 dxc5+ 42. Nxc5 Kg3 43. f6 Kxh3 44. f7 Bg7 45. Ne6 1-0

[Event "Varna op-A 8th"]
[Site "Varna"]
[Date "2014.06.19"]
[Round "1"]
[White "Santiago, Yago de Moura"]
[Black "Asgarov, Mushfig Nizami"]
[Result "1-0"]
[WhiteElo "2466"]
[BlackElo "2192"]
[PlyCount "57"]
[EventDate "2014.06.19"]
[EventType "swiss"]
[EventRounds "9"]
[EventCountry "BUL"]
[SourceTitle "CBM 161 Extra"]
[Source "ChessBase"]
[SourceDate "2014.08.29"]
[SourceVersion "1"]
[SourceVersionDate "2014.08.29"]
[SourceQuality "1"]

1. d4 Nf6 2. c4 g6 3. Nc3 Bg7 4. e4 d6 5. h3 0-0 6. Bg5 c5 7. d5 a6 8. a4 e5 9. Qd2 Qe8 10. g4 Nfd7 11. Bd3 f5 12. gxf5 gxf5 13. Nge2 f4 14. 0-0-0 Kh8 15. Kb1 Rg8 16. Rdg1 Nf8 17. h4 h6 18. Nxf4 exf4 19. Bxf4 Qe7 20. Bxh6 Nbd7 21. Bg5 Qf7 22. f4 Nh7 23. Rg3 Ndf8 24. Rhg1 Bd7 25. Bh6 Bxh6 26. Rxg8+ Qxg8 27. Rxg8+ Kxg8 28. e5 dxe5 29. Qg2+ 1-0

[Event "Golden Sands Europe op 3rd"]
[Site "Golden Sands"]
[Date "2014.06.16"]
[Round "7"]
[White "Asgarov, Mushfig Nizami"]
[Black "Kalegin, Evgenij"]
[Result "0-1"]
[WhiteElo "2192"]
[BlackElo "2464"]
[PlyCount "90"]
[EventDate "2014.06.10"]
[EventType "swiss"]
[EventRounds "9"]
[EventCountry "BUL"]
[SourceTitle "CBM 160 Extra"]
[Source "ChessBase"]
[SourceDate "2014.07.01"]
[SourceVersion "1"]
[SourceVersionDate "2014.07.01"]
[SourceQuality "1"]

1. e4 c5 2. Nf3 e6 3. g3 Nc6 4. Bg2 Nf6 5. Nc3 d6 6. 0-0 a6 7. d4 cxd4 8. Nxd4 Bd7 9. Be3 Be7 10. f4 0-0 11. h3 Qc7 12. a4 Rac8 13. g4 Nxd4 14. Bxd4 e5 15. Be3 exf4 16. Rxf4 Be6 17. Rf2 Nd7 18. Nd5 Bxd5 19. exd5 Bf6 20. c3 Rce8 21. Bd4 Be5 22. g5 g6 23. Qg4 Re7 24. Raf1 Qc4 25. h4 Nb6 26. Rf4 Bxd4+ 27. Rxd4 Qc5 28. Kh1 Re5 29. h5 Qc8 30. hxg6 fxg6 31. Rxf8+ Qxf8 32. a5 Nc8 33. Rf4 Qd8 34. Rf6 Ne7 35. Re6 Nf5 36. Rxe5 dxe5 37. Qc4 Nd6 38. Qb4 Qe7 39. c4 e4 40. c5 Nf5 41. d6 Qxg5 42. d7 Qh5+ 43. Kg1 Qd1+ 44. Kh2 Qxd7 45. Bxe4 Qe7 0-1

[Event "Albena Masters op"]
[Site "Albena"]
[Date "2014.06.08"]
[Round "8"]
[White "Asgarov, Mushfig Nizami"]
[Black "Soltanici, Ruslan"]
[Result "1-0"]
[WhiteElo "2192"]
[BlackElo "2346"]
[PlyCount "88"]
[EventDate "2014.06.01"]
[EventType "swiss"]
[EventRounds "9"]
[EventCountry "BUL"]
[SourceTitle "CBM 160 Extra"]
[Source "ChessBase"]
[SourceDate "2014.07.01"]
[SourceVersion "1"]
[SourceVersionDate "2014.07.01"]
[SourceQuality "1"]

1. e4 c5 2. Nf3 e6 3. g3 Nc6 4. Bg2 Nf6 5. Nc3 d6 6. 0-0 Be7 7. d4 cxd4 8. Nxd4 Bd7 9. Be3 a6 10. f4 0-0 11. h3 Nxd4 12. Bxd4 Bc6 13. g4 Nd7 14. Be3 b5 15. Qd2 Qc7 16. g5 Rfe8 17. h4 Bf8 18. Bf3 b4 19. Ne2 d5 20. e5 Bb5 21. Rfe1 Bxe2 22. Bxe2 Bc5 23. Bd3 Qb6 24. h5 a5 25. Kg2 Rac8 26. Kg3 Rc7 27. Qf2 Bxe3 28. Rxe3 Nc5 29. Re2 a4 30. Kh4 g6 31. Rh1 Rb8 32. Qd4 Nxd3 33. Qxd3 Qb5 34. Qe3 Rbb7 35. Rd2 Rc4 36. Qd3 Rcc7 37. Qe3 Rc8 38. Rhh2 Qf1 39. Rdf2 Qd1 40. Rhg2 Qb1 41. Qd3 Rbc7 42. hxg6 fxg6 43. Qa6 Rc6 44. Qxa4 Kf7 1-0

[Event "Poti Aleksandria Cup-A 8th"]
[Site "Poti"]
[Date "2013.07.14"]
[Round "2"]
[White "Paichadze, Luka"]
[Black "Asgarov, Mushfig Nizami"]
[Result "1-0"]
[WhiteElo "2537"]
[BlackElo "2228"]
[PlyCount "75"]
[EventDate "2013.07.10"]
[EventType "swiss"]
[EventRounds "9"]
[EventCountry "GEO"]
[SourceTitle "CBM 155 Extra"]
[Source "ChessBase"]
[SourceDate "2013.08.26"]
[SourceVersion "1"]
[SourceVersionDate "2013.08.26"]
[SourceQuality "1"]

1. e4 c5 2. Nf3 d6 3. d4 cxd4 4. Qxd4 Nc6 5. Bb5 Bd7 6. Bxc6 Bxc6 7. c4 Nf6 8. Nc3 g6 9. 0-0 Bg7 10. Qd3 0-0 11. Nd4 Nd7 12. Be3 Ne5 13. Qe2 Bd7 14. Rad1 Rc8 15. b3 a6 16. a4 Nc6 17. Nd5 Nxd4 18. Bxd4 Bxd4 19. Rxd4 f6 20. Qd2 Bc6 21. a5 Qe8 22. Nb6 Rd8 23. Rd1 Rb8 24. Re1 f5 25. e5 dxe5 26. Rxe5 Rd8 27. Nd5 Bxd5 28. Rdxd5 Kf7 29. Qh6 Kg8 30. Qe3 Rxd5 31. cxd5 Qd7 32. h4 Rf7 33. h5 f4 34. Qe4 Kg7 35. hxg6 hxg6 36. Re6 Kf8 37. Qe5 Ke8 38. Rxg6 1-0

[Event "Baku op"]
[Site "Baku"]
[Date "2012.09.28"]
[Round "7"]
[White "Sadikhov, Ulvi Ramil Oglu"]
[Black "Asgarov, Mushfig Nizami"]
[Result "1-0"]
[WhiteElo "2215"]
[BlackElo "2297"]
[PlyCount "79"]
[EventDate "2012.09.22"]
[EventType "swiss"]
[EventRounds "9"]
[EventCountry "AZE"]
[SourceTitle "CBM 150 Extra"]
[Source "ChessBase"]
[SourceDate "2012.10.19"]
[SourceVersion "1"]
[SourceVersionDate "2012.10.19"]
[SourceQuality "1"]

1. e4 c5 2. Nf3 d6 3. d4 cxd4 4. Nxd4 Nf6 5. Nc3 g6 6. Be3 Bg7 7. f3 0-0 8. Qd2 Nc6 9. 0-0-0 d5 10. exd5 Nxd5 11. Nxc6 bxc6 12. Bd4 e5 13. Bc5 Be6 14. Ne4 Re8 15. h4 Rb8 16. Bc4 h6 17. g4 Nf4 18. Qxd8 Rexd8 19. Bxe6 Nxe6 20. Bxa7 Rxd1+ 21. Rxd1 Rb7 22. Be3 Nd4 23. Bxd4 exd4 24. b3 Be5 25. g5 hxg5 26. hxg5 Rb8 27. Kd2 Kf8 28. Kd3 Ra8 29. a4 Ke7 30. Rh1 Ke6 31. Kc4 Rd8 32. Rh7 Rd5 33. b4 d3 34. cxd3 Rd4+ 35. Kc5 Rxd3 36. Kxc6 Rxf3 37. Nc5+ Ke7 38. a5 Bc3 39. Rh4 f6 40. a6 1-0

[Event "Nakhchivan op"]
[Site "Nakhchivan"]
[Date "2012.05.02"]
[Round "5"]
[White "Guliev, Sarhan"]
[Black "Asgarov, Mushfig Nizami"]
[Result "0-1"]
[WhiteElo "2498"]
[BlackElo "2257"]
[PlyCount "96"]
[EventDate "2012.04.28"]
[EventType "swiss"]
[EventRounds "9"]
[EventCountry "AZE"]
[SourceTitle "CBM 148 Extra"]
[Source "ChessBase"]
[SourceDate "2012.06.22"]
[SourceVersion "1"]
[SourceVersionDate "2012.06.22"]
[SourceQuality "1"]

1. d4 Nf6 2. c4 g6 3. Nf3 Bg7 4. g3 0-0 5. Bg2 d6 6. 0-0 Nc6 7. Nc3 a6 8. d5 Na5 9. Nd2 c5 10. Qc2 Rb8 11. b3 b5 12. Bb2 bxc4 13. bxc4 Bh6 14. f4 Ng4 15. Nd1 Rxb2 16. Qxb2 Bg7 17. Qc1 e5 18. Rb1 exf4 19. Rxf4 Bh6 20. Qc3 Re8 21. e4 f5 22. h3 Nf6 23. Rb8 Bxf4 24. gxf4 Nh5 25. Rxc8 Qxc8 26. Qxa5 Nxf4 27. Qa3 Qd8 28. Bf1 Qg5+ 29. Kh2 Nxd5 30. Qd3 Qf4+ 31. Kg1 Nb4 32. Qe2 Nc2 33. Bg2 Nd4 34. Qd3 fxe4 35. Nxe4 Rf8 36. Ndf2 Qc1+ 37. Kh2 Qf4+ 38. Kg1 Kg7 39. a4 Rb8 40. Nd2 Rb2 41. Nfe4 Rc2 42. a5 Rc1+ 43. Nf1 Re1 44. Nc3 Rxf1+ 45. Qxf1 Qe3+ 46. Kh2 Qxc3 47. Qf4 Nf5 48. Qe4 Qxa5 0-1

[Event "Fajr op 20th"]
[Site "Tabriz"]
[Date "2012.01.20"]
[Round "11"]
[White "Kotanjian, Tigran"]
[Black "Asgarov, Mushfig Nizami"]
[Result "1/2-1/2"]
[WhiteElo "2533"]
[BlackElo "2234"]
[PlyCount "38"]
[EventDate "2012.01.12"]
[EventType "swiss"]
[EventRounds "11"]
[EventCountry "IRI"]
[SourceTitle "CBM 146 Extra"]
[Source "ChessBase"]
[SourceDate "2012.02.29"]
[SourceVersion "1"]
[SourceVersionDate "2012.02.29"]
[SourceQuality "1"]

1. d4 Nf6 2. c4 g6 3. Nc3 Bg7 4. e4 d6 5. Nf3 0-0 6. Be2 e5 7. 0-0 Nc6 8. d5 Ne7 9. Nd2 a5 10. a3 Nd7 11. Rb1 f5 12. b4 b6 13. f3 Kh8 14. Nb3 axb4 15. axb4 f4 16. Bd2 g5 17. Ra1 Rxa1 18. Qxa1 Nf6 19. Nb5 g4 1/2-1/2

[Event "Fajr op 20th"]
[Site "Tabriz"]
[Date "2012.01.19"]
[Round "10"]
[White "Golizadeh, Asghar"]
[Black "Asgarov, Mushfig Nizami"]
[Result "1-0"]
[WhiteElo "2464"]
[BlackElo "2234"]
[PlyCount "65"]
[EventDate "2012.01.12"]
[EventType "swiss"]
[EventRounds "11"]
[EventCountry "IRI"]
[SourceTitle "CBM 146 Extra"]
[Source "ChessBase"]
[SourceDate "2012.02.29"]
[SourceVersion "1"]
[SourceVersionDate "2012.02.29"]
[SourceQuality "1"]

1. e4 c5 2. Nc3 Nc6 3. f4 e6 4. Nf3 d5 5. Bb5 d4 6. Bxc6+ bxc6 7. Ne2 d3 8. cxd3 Qxd3 9. Qa4 Qb5 10. Qc2 Ba6 11. Nc3 Qb6 12. d3 Rd8 13. Ne5 c4 14. d4 Nf6 15. Be3 Bd6 16. Qe2 Qc7 17. 0-0 Bb4 18. Ng4 Nxg4 19. Qxg4 0-0 20. f5 exf5 21. Qxf5 Bc8 22. Qf3 Bxc3 23. bxc3 Be6 24. Bf4 Qa5 25. Rab1 Rd7 26. Rb2 f5 27. Be5 Rdf7 28. Qg3 g6 29. h4 fxe4 30. Rxf7 Rxf7 31. Qg5 Qd5 32. Rb8+ Rf8 33. Qf6 1-0

[Event "Fajr op 20th"]
[Site "Tabriz"]
[Date "2012.01.15"]
[Round "4"]
[White "Asgarov, Mushfig Nizami"]
[Black "Ghaem Maghami, Ehsan"]
[Result "0-1"]
[WhiteElo "2234"]
[BlackElo "2570"]
[PlyCount "76"]
[EventDate "2012.01.12"]
[EventType "swiss"]
[EventRounds "11"]
[EventCountry "IRI"]
[SourceTitle "CBM 146 Extra"]
[Source "ChessBase"]
[SourceDate "2012.02.29"]
[SourceVersion "1"]
[SourceVersionDate "2012.02.29"]
[SourceQuality "1"]

1. e4 c5 2. Nf3 d6 3. d4 cxd4 4. Nxd4 Nf6 5. Nc3 a6 6. Be3 e5 7. Nf3 Be7 8. Bc4 0-0 9. 0-0 Be6 10. Bb3 Qc7 11. Re1 Nbd7 12. Bxe6 fxe6 13. Ng5 Qc4 14. Bd2 Nb6 15. Be3 Nfd7 16. Qg4 Rf6 17. Rad1 h6 18. Nf3 Raf8 19. Rd3 Qc8 20. Ne2 Nc4 21. Bc1 Nc5 22. Ng3 Rf4 23. Qh3 R4f7 24. Rdd1 b5 25. b3 Nb6 26. Be3 Nbd7 27. b4 Na4 28. Qxe6 Nf6 29. Qb3 Kh7 30. Nf5 Nxe4 31. Nxe7 Rxe7 32. Bxh6 gxh6 33. Rxe4 Nc3 34. Rh4 Nxd1 35. Qd3+ Qf5 36. Qxd6 Qf6 37. Qd2 Rg8 38. Rh3 e4 0-1

[Event "Moscow op-B"]
[Site "Moscow"]
[Date "2009.02.04"]
[Round "5"]
[White "Gabdrakipov, Ilshat"]
[Black "Asgarov, Mushfig Nizami"]
[Result "1/2-1/2"]
[WhiteElo "1400"]
[BlackElo "2192"]
[PlyCount "158"]
[EventDate "2009.01.31"]
[EventType "swiss"]
[EventRounds "9"]
[EventCountry "RUS"]
[SourceTitle "EXT 2012"]
[Source "ChessBase"]
[SourceDate "2011.11.24"]
[SourceVersion "1"]
[SourceVersionDate "2011.11.24"]
[SourceQuality "1"]

1. e4 c5 2. Nf3 d6 3. d4 cxd4 4. Nxd4 Nf6 5. Nc3 a6 6. Bc4 e6 7. Bb3 Be7 8. f4 0-0 9. f5 exf5 10. 0-0 fxe4 11. Bg5 Nc6 12. Nf5 Bxf5 13. Rxf5 d5 14. Bxf6 Bxf6 15. Nxd5 Bxb2 16. Rb1 Nd4 17. Rf4 Nxb3 18. axb3 Be5 19. Rxe4 Qd6 20. Rh4 f5 21. c4 g6 22. Qd2 Rae8 23. Rd1 f4 24. Qd3 Rf5 25. Qh3 h5 26. Qf3 Qd8 27. Rh3 Qg5 28. Qd3 Qg4 29. Rf3 Rg5 30. Qf1 Rf5 31. Kh1 Rf7 32. Re1 g5 33. Qe2 Qf5 34. h4 Rff8 35. hxg5 Qxg5 36. Qd1 Bb8 37. Re2 Rxe2 38. Qxe2 Qe5 39. Qxe5 Bxe5 40. Rh3 Kg7 41. Rxh5 Bd4 42. Rh4 Be5 43. Rh3 Bd4 44. Rh4 Be5 45. Rh3 Bd4 46. Kh2 Kg6 47. Rh4 Kg5 48. Kh3 Be5 49. Rg4+ Kf5 50. Ne7+ Ke4 51. Ng6 Rf5 52. g3 Bb8 53. Kg2 Ke3 54. gxf4 Bxf4 55. Nxf4 Rxf4 56. Rg7 b5 57. c5 Rf2+ 58. Kg1 Rc2 59. b4 Kd4 60. Rg4+ Kc3 61. Kf1 Kb3 62. Ke1 Rc1+ 63. Kd2 Rc2+ 64. Kd1 Rc3 65. Rf4 a5 66. bxa5 Rxc5 67. a6 b4 68. a7 Ra5 69. Rf7 Ra1+ 70. Kd2 Kb2 71. Kd3 Kb3 72. Kd4 Ra5 73. Rh7 Ka3 74. Kc4 b3 75. Rb7 b2 76. Kc3 Rc5+ 77. Kd2 Ra5 78. Kc2 Rc5+ 79. Kd2 Ra5 1/2-1/2

[Event "Urumia op 2nd"]
[Site "Urumia"]
[Date "2008.08.29"]
[Round "7"]
[White "Asgarov, Mushfig Nizami"]
[Black "Ghane Gardeh, Shojaat"]
[Result "0-1"]
[WhiteElo "2195"]
[BlackElo "2415"]
[PlyCount "106"]
[EventDate "2008.08.26"]
[EventType "swiss"]
[EventRounds "10"]
[EventCountry "IRI"]
[SourceTitle "CBM 126 Extra"]
[Source "ChessBase"]
[SourceDate "2008.11.05"]
[SourceVersion "1"]
[SourceVersionDate "2008.11.05"]
[SourceQuality "1"]

1. e4 e6 2. d4 d5 3. Nd2 Nf6 4. e5 Nfd7 5. Bd3 c5 6. c3 Nc6 7. Ne2 cxd4 8. cxd4 f6 9. exf6 Nxf6 10. 0-0 Bd6 11. Nf3 Qc7 12. Bg5 0-0 13. Bh4 Nh5 14. Qc2 h6 15. Bh7+ Kh8 16. Bg6 Rxf3 17. Bxh5 Rf8 18. Bg3 Bd7 19. Qd2 Rf6 20. Rac1 Raf8 21. Rc3 Be8 22. Bg4 Bg6 23. Rf3 Bxg3 24. fxg3 Rxf3 25. Rxf3 Rxf3 26. gxf3 e5 27. dxe5 Qb6+ 28. Kg2 Nxe5 29. Nf4 Nxg4 30. fxg4 Be4+ 31. Kh3 Qa6 32. Qc1 Kh7 33. Qc7 Qf1+ 34. Kh4 Qf2 35. Kh3 Qxb2 36. Qf7 Qf6 37. Qxb7 a5 38. a3 a4 39. Qa7 Qa1 40. Qb7 Qf1+ 41. Kh4 Qf2 42. Kh3 Qf3 43. Qb6 d4 44. Kh4 d3 45. g5 hxg5+ 46. Kxg5 d2 47. Qe6 d1Q 48. Qh3+ Kg8 49. Qc8+ Kf7 50. Qe6+ Kf8 51. Qc8+ Ke7 52. Qc7+ Qd7 53. Qe5+ Kf7 0-1